Использование встроенных механизмов анализа и прогнозирования данных платформы "1С: Предприятие 8"; Современные технологии поддержки принятия решений в экономике

Bibliografische gegevens
Parent link:Современные технологии поддержки принятия решений в экономике.— 2014.— [С. 137-139]
Hoofdauteur: Лисачева Е. И.
Coauteur: Национальный исследовательский Томский политехнический университет (ТПУ) Юргинский технологический институт (филиал) (ЮТИ) Кафедра информационных систем (ИС)
Andere auteurs: Важдаев А. Н. Андрей Николаевич (научный руководитель), Чернышёва Т. Ю. Татьяна Юрьевна
Samenvatting:Заглавие с титульного экрана
Taal:Russisch
Gepubliceerd in: 2014
Reeks:Информационные технологии интеллектуальной поддержки принятия решений в экономике
Onderwerpen:
Online toegang:http://earchive.tpu.ru/handle/11683/69497
http://www.lib.tpu.ru/fulltext/c/2014/C79/056.pdf
Formaat: Elektronisch Hoofdstuk
KOHA link:https://koha.lib.tpu.ru/cgi-bin/koha/opac-detail.pl?biblionumber=608055

MARC

LEADER 00000naa2a2200000 4500
001 608055
005 20260317095105.0
035 |a (RuTPU)RU\TPU\conf\5485 
035 |a RU\TPU\conf\5484 
090 |a 608055 
100 |a 20140914d2014 k y0rusy50 ca 
101 0 |a rus 
102 |a RU 
135 |a drcn ---uucaa 
181 0 |a i  
182 0 |a b 
200 1 |a Использование встроенных механизмов анализа и прогнозирования данных платформы "1С: Предприятие 8"  |f Е. И. Лисачева  |g науч. рук. А. Н. Важдаев, Т. Ю. Чернышёва 
203 |a Текст  |c электронный 
225 1 |a Информационные технологии интеллектуальной поддержки принятия решений в экономике 
300 |a Заглавие с титульного экрана 
320 |a [Библиогр.: с. 139 (3 назв.)] 
337 |a Adobe Reader 
463 0 |0 (RuTPU)RU\TPU\conf\5406  |t Современные технологии поддержки принятия решений в экономике  |o сборник трудов Всероссийской научно-практической конференции студентов, аспирантов и молодых ученых, 28-20 апреля 2014 г., г. Юрга  |f Национальный исследовательский Томский политехнический университет (ТПУ), Юргинский технологический институт (ЮТИ) ; отв. ред. А. А. Захарова  |v [С. 137-139]  |d 2014 
610 1 |a труды учёных ТПУ 
610 1 |a электронный ресурс 
610 1 |a встроенные механизмы 
610 1 |a анализ 
610 1 |a прогнозирование 
610 1 |a данные 
610 1 |a 1C: Предприятие 8 
610 1 |a программное обеспечение 
700 1 |a Лисачева  |b Е. И. 
702 1 |a Важдаев  |b А. Н.  |c специалист в области информационных систем  |c старший преподаватель Юргинского технологического института (филиал) Томского политехнического университета  |f 1981-  |g Андрей Николаевич  |4 727 
702 1 |a Чернышёва  |b Т. Ю.  |c специалист в области информационных технологий  |c доцент Юргинского технологического института (филиала) Томского политехнического университета  |g Татьяна Юрьевна  |4 727 
712 0 2 |a Национальный исследовательский Томский политехнический университет (ТПУ)  |b Юргинский технологический институт (филиал) (ЮТИ)  |b Кафедра информационных систем (ИС)  |3 (RuTPU)RU\TPU\col\18893 
801 2 |a RU  |b 63413507  |c 20220214  |g RCR 
856 4 |u http://earchive.tpu.ru/handle/11683/69497 
856 4 |u http://www.lib.tpu.ru/fulltext/c/2014/C79/056.pdf 
942 |c BK